Business taxation and financial decisions / (Record no. 18729)

000 -LEADER
fixed length control field 00812cam a2200229Ii 4500
020 ## - INTERNATIONAL STANDARD BOOK NUMBER
ISBN 9783642032844 (electronic bk.)
020 ## - INTERNATIONAL STANDARD BOOK NUMBER
ISBN 3642032842 (electronic bk.)
040 ## - CATALOGING SOURCE
Transcribing agency GW5XE
082 04 - DEWEY DECIMAL CLASSIFICATION NUMBER
Classification number 658 OUP 1965 C151 Or.
100 1# - MAIN ENTRY--AUTHOR NAME
Personal name Schanz, Deborah.
245 10 - TITLE STATEMENT
Title Business taxation and financial decisions /
300 ## - PHYSICAL DESCRIPTION
Number of Pages 1 online resource (xxi, 401 pages) :
Other physical details illustrations
650 #0 - SUBJECT ADDED ENTRY--TOPICAL TERM
Topical Term Business enterprises
650 #0 - SUBJECT ADDED ENTRY--TOPICAL TERM
Topical Term Decision making.
650 #0 - SUBJECT ADDED ENTRY--TOPICAL TERM
Topical Term Business enterprises
700 1# - ADDED ENTRY--PERSONAL NAME
Personal name Schanz, Sebastian.
710 2# - ADDED ENTRY--CORPORATE NAME
Corporate name or jurisdiction name as entry element Ohio Library and Information Network.
856 40 - ELECTRONIC LOCATION AND ACCESS
Uniform Resource Identifier http://rave.ohiolink.edu/ebooks/ebc/9783642032844
856 40 - ELECTRONIC LOCATION AND ACCESS
Uniform Resource Identifier http://dx.doi.org/10.1007/978-3-642-03284-4
856 40 - ELECTRONIC LOCATION AND ACCESS
Uniform Resource Identifier http://proxy.ohiolink.edu:9099/login?url=http://dx.doi.org/10.1007/978-3-642-03284-4
942 ## - ADDED ENTRY ELEMENTS (KOHA)
Koha item type ADB
952 ## - LOCATION AND ITEM INFORMATION (KOHA)
Withdrawn status [LOCAL, KOHA] 0
Holdings
Source of acquisition Permanent Location Date acquired Koha item type Lost status Shelving location Current Location Full call number
A38088Library Block C2020-01-15សៀវភៅភាសាអង់គ្លេស C151Library Block C658 OUP 1965 C151 Or.
មជ្ឈមណ្ឌលឯការនៃសាកលវិទ្យាល័យភូមិន្ទកសិកម្មចំការដូង

Powered by Koha